000 00580nam a2200121Ia 4500
008 220620s9999||||xx |||||||||||||| ||und||
100 _aBueger, Christian
245 0 _aChapter 4 Styles of Theorizing International Practice
546 _aEnglish[eng]
650 _aFriedrich Kratochwil; international law; international politics; international relations theory; Practice theory; praxis; Theorizing
856 _uhttps://library.oapen.org/bitstream/20.500.12657/53783/1/9781529220490_4.pdf||https://library.oapen.org/bitstream/20.500.12657/53783/1/9781529220490_4.pdf
942 _cEB
999 _c35011
_d35011